Culture Générale - Série 1541 - Statistiques

Statistiques générales
  • Ce quiz a été pris 110 fois
  • Le résultat moyen est 6 sur 10
Statistiques - réponses
Question Réponse % Correct
Quelle couleur est associée au mot carte pour désigner le certificat d'immatriculation d'un véhicule automobile ? grise
96%
Quel écossais inventa le téléphone en 1876 ? Alexander-Graham Bell
88%
Quel film a révélé Sophie Marceau au grand public, en 1980 ? La Boum
88%
En 1983, quel architecte, prénommé Jean, entreprend la construction de l'Institut du Monde arabe à Paris ? Jean Nouvel
65%
Si j'observe des combinaisons infinies d'images colorées à travers un tube réfléchissant la lumière extérieure, quel objet ai-je entre les mains ? kaléidoscope
64%
Sous quel nom connait-on mieux la chanteuse Chantal de Guerre, née à Saïgon en 1942 ? Chantal Goya
47%
Quelle rivière arrose les villes de Limoges, Châtellerault et Chinon ? Vienne
43%
Quel film de 1991, réalisé par Oliver Stone, met en scène l'assassinat du président des États-Unis ? JFK
32%
En quelle année a été créée l'Agence nationale pour l'emploi ? 1967
27%
Qui est l'auteur de la pièce de théâtre “La Mouette”, en 1896 ? Anton Tchekhov
23%
Aucun quiz correspondant
Distribution des résultats
% des personnes avec chaque résultat
Percentile par nombre de réponses
Votre historique - résultats
Vous n’avez pas pris ce quiz